| 000 | 01757nam a22002897a 4500 | ||
|---|---|---|---|
| 001 | 761 | ||
| 005 | 20230706111511.0 | ||
| 008 | 230706b cb ||||| |||| 00| 0 eng d | ||
| 020 | _a9788177697674 (pbk.) | ||
| 020 | _a8177697676 (pbk.) | ||
| 040 |
_aDKAGE _beng _cDKAGE _dWHE _dDLC _erda |
||
| 050 | 0 | 0 |
_aGR307.B47 _bN43 2009 |
| 082 | 0 | 4 |
_a398.2095498 _222 |
| 100 | 0 | _aPhuntsho, Ngawang . | |
| 245 | 1 | 4 |
_aThe cuckoo and the pigeon : _ba collection of folktales from rural Bhutan / _cPhuntsho, Ngawang . |
| 260 |
_aVaranasi : _bPilgrims, _c2009. |
||
| 300 |
_a97 pages : _billustrations ; _c22 cm. |
||
| 500 | _aNgawang Phuntsho is from a small village of Wamling in the Central Bhutan. He studied English Literature in Bhutan's premier college Sherubtse. He writes short stories and blogs regularly on social issues that confront the nation. His first book of folktales was published in Nepal. In 2012, he also published a book of contemporary short stories - Then I Saw Her Face. Today Ngawang works for an International NGO - READ Bhutan as Development Officer and lives with his wife and a two-year old-daughter in the capital city of Thimphu. | ||
| 505 | _aO | ||
| 520 | _aThe Cuckoo and the Pigeon is a collection of thirty-five folktales from the Himalayan Kingdom of Bhutan. The stories take the readers into the lands of demons and monsters, fairies and magicians, of beauty and the beast, and will entertain readers of all ages with striking morals and lessons. Welcome to a fun-filled adventurous journey! | ||
| 521 |
_a650
_bLexile |
||
| 521 |
_aO
_bRaz-Plus |
||
| 650 | 0 |
_aTales _zBhutan. _xfolktales |
|
| 650 | 0 |
_aFolklore _zBhutan. _xfolktales |
|
| 906 |
_a7 _bcbc _ccopycat _d3 _encip _f20 _gy-gencatlg |
||
| 942 |
_2ddc _cBK _n0 |
||
| 999 |
_c761 _d761 |
||